00764nam a2200193 i 450000100060000000300090000600500170001500700030003200800410003510000280007624501670010426000370027130000300030870000220033870000350036085200320039599900170042795201260044484517ES-MaACL20230906175028.0t|041123s1961 sp ||||1| spa d1 aJohnson, Carl G.96673810aMetalurgia / cpor Carl G. Johnson . Capítulo XVII Titanio, zirconio, indio y vanadio / por William E. Weeks ; [versión española por José Batllé Gayan]. aBarcelona : bReverté, c1961. a398 p. : bil. ; c21 cm.1 aWeeks, R.91162971 aBatlle Gayán, José.926445 aES-MaACLjC-20438 bR.48756 c84517d84517 00104070aATENEOMbATENEOMcGaleríad2008-01-17eSCl0oC-20438p1088322r2023-02-23 00:00:00w2023-02-23yMONOGRAFIA